| 000 | 00926cam a22003017a 4500 | ||
|---|---|---|---|
| 003 | CHAP | ||
| 005 | 20220817041610.0 | ||
| 008 | 971013c19811977 r 00010 d | ||
| 010 | _a19244 | ||
| 011 | _a20216 | ||
| 035 | _a24304 | ||
| 040 | _cCHAP | ||
| 090 | _aFolleto 7304y | ||
| 110 | 1 |
_aAmerican Concrete Institute. Detroit, Mich. _95234 |
|
| 245 | 1 | 0 | _aPráctica recomendable para el curado del concreto; ACI-308 |
| 260 |
_aMéxico, D.F., _c1981(c.1977) |
||
| 300 | _a37 p | ||
| 490 | 0 |
_aNueva serie. IMCYC _v; 16 |
|
| 590 |
_aBATCH-UPD _b10 _c20130110 _lUCH01 _h0309 |
||
| 590 |
_aBATCH-UPD _b10 _c20130110 _lUCH01 _h1756 |
||
| 590 |
_aCONVERSION _b10 _c20130109 _lUCH01 _h1312 |
||
| 650 | 1 | 4 |
_aConcreto. _926302 |
| 710 | 0 |
_aInstituto Mexicano del Cemento y del Concreto. _959264 |
|
| 830 | 0 |
_aNueva serie IMCYC _v; 16 |
|
| 901 | _aBK | ||
| 942 | _cFOLL | ||
| 949 |
_aFolleto 7304y _bBC _cFOLL _d-56060 _eTS1 _i24304 _si |
||
| 999 |
_c19244 _d19244 |
||